Correcciones simétricas: (Registro nro. 15515)

Detalles MARC
000 -LEADER
fixed length control field 00334 a2200121 4500
001 - CONTROL NUMBER
control field ART_19316
005 - DATE AND TIME OF LATEST TRANSACTION
control field 20260410161705.0
008 - FIXED-LENGTH DATA ELEMENTS--GENERAL INFORMATION
fixed length control field 260409a
100 1# - MAIN ENTRY--PERSONAL NAME
Personal name ODonnell, Agustina
245 10 - TITLE STATEMENT
Title Correcciones simétricas:
700 1# - ADDED ENTRY--PERSONAL NAME
Personal name Torassa, Marcos R.
773 0# - HOST ITEM ENTRY
Title Revista Impuestos
Related parts - Nº 7 (abr. 2009)
Record control number REV639

No hay ítems disponibles.